Demir tufanı/ (Record no. 13999)

MARC details
000 -BAŞLIK
Sabit Uzunlukta Kontrol Alanı 00676nam a2200229 4500
999 ## - SİSTEM KONTROL NUMARALARI (KOHA)
Koha Biblionumber 13999
Koha Biblioitemnumber 13999
003 - KONTROL NUMARASI IDENTIFIER
Denetim Alanı MIRAKIL
005 - SON İŞLEM TARİHİ VE ZAMANI
Denetim Alanı 20200827135338.0
008 - SABİT-BOY VERİ ELEMANLARI - GENEL BİLGİLER
Sabit Uzunlukta Kontrol Alanı 200827b tu ||||| |||| 00| 0 tur d
020 ## - ULUSLARARASI STANDART KİTAP NUMARASI
Uluslararası Standart Kitap Numarası 975753028X
040 ## - KATALOGLAMA KAYNAK
Orijinal Kataloglama Ajansı TR-AnCHP
Metne Dönüştürmek Ajansı TR-AnCHP
041 ## - DİL KODU
Metin / Ses Parça Veya Ayrı Başlığın Dil Kodu tur
082 ## - DEWEY ONLU SINIFLANDIRMA NUMARASI
Sınıflandırma Numarası 891.73
Ürün Numarası S36d 1991
100 ## - ANA GİRİŞ - KİŞİSEL İSİM
Kişisel Ad Serafimoviç, Aleksandr
245 10 - BAŞLIK TABLOSU
Başlık Demir tufanı/
Sorumluluk Tablosu, Vb Aleksandr Serafimoviç; Türkçesi: Mehmet Harmancı.
250 ## - EDITION TABLOSU
Baskı Beyanı 2 bs.
260 ## - YAYIN, DAĞITIM, VB
Yayın, Dağıtım, Vb Yeri İstanbul:
Yayıncı, Dağıtıcı, Vs Adı Yar Yayınları,
Yayın, Dağıtım, Vb Tarihi 1991.
300 ## - FİZİKSEL TANIM
Kapsam 236 s.:
Boyutlar 19 sm.
500 ## - GENEL NOT
Genel Not Özgün yapıt adı: The ıron stream.
650 #0 - KONU KATMA GİRİŞ - TOPİKAL DÖNEM
9 (RLIN) 5112
Topikal Süreli Veya Coğrafi Ad Giriş Elemanı Rus Edebiyatı
Genel Alt Bölümü Roman
700 1# - KATMA GİRİŞ - KİŞİSEL İSİM
9 (RLIN) 1613
Kişisel Ad Harmancı, Mehmet
Relator Terim çev.
942 ## - EKLENDİ GİRİŞ ELEMANLARI (KOHA)
Sınıflandırma Veya Raf Düzeni Kaynak Dewey Decimal Classification
Koha Öğesi Türü Books
Holdings
Kalıcı Konum Mevcut Konum Edinme Tarihi Toplam Check-Out'Lar Tam Çağrı Numarası Barkod Tarih Son Görülme İtibaren Geçerli Fiyatlar Sigara Kamu Notu Koha Öğesi Türü
CHP Kütüphanesi CHP Kütüphanesi 08/27/2020   891.73 S36d 1991 019488 08/27/2020 08/27/2020 Emine Başak Alkan Bağışıdır. Books